000 00366 a2200169 4500
001 192007
020 _a978-85-08-11347-7
040 _cMagnum
100 _aJunqueira, Sonia
240 1 0 _aO barulho fantasma
_lpor
245 1 0 _aO barulho fantasma
300 _a24
362 0 _a2007
440 1 _aÁtica
697 _aLITERATURA INFANTO-JUVENIL
942 _cBK
999 _c192007
_d192007